000 00592nam a22002057a 4500
003 OSt
005 20251125170225.0
008 251125b |||||||| |||| 00| 0 eng d
020 _a1-84293-098-2.
040 _aDWCL-Main lib
_cOC
082 _aGR. 294.5924 B575 2005
100 _aArnold, Edwin Sir
245 _aThe Bhagavad Gita :
_bthe song celestial
_cArnold, Edwin Sir
260 _aLondon :
_bSacred texts/Watkins Publishing,
_cc2005.
300 _a188 pages ;
_c16 cm.
650 _21. Bhagavad Gita.
650 _22. Hinduism.
700 _aJacobs, Alan
942 _2ddc
_cGR
_kGR.
_n0
999 _c6327
_d6327